| 000 | 00692nam a2200229 a 4500 | ||
|---|---|---|---|
| 999 |
_c11597 _d11597 |
||
| 001 | 11597 | ||
| 003 | BD-JhCC | ||
| 005 | 20220825134022.0 | ||
| 008 | 200701b20162019bg a|||| ||a| 000 0 mul d | ||
| 020 | _a9789849206637 | ||
| 035 | _a(BD-JhCC)11597 | ||
| 040 |
_aBD-JhCC _dBD-JhCC |
||
| 041 | _amul | ||
| 082 |
_a005.1 _bMAH 2020 |
||
| 100 | _aমাহবুব, ঝংকার | ||
| 245 |
_aহাবলুদের জন্য প্রোগ্রামিং / _cঝংকার মাহবুব । |
||
| 260 |
_aঢাকা: _bআদর্শ; _c২০১৯. |
||
| 300 |
_a126 p. : _bill; _c22 cm. |
||
| 650 | _aComputer programming | ||
| 942 |
_2ddc _cBK _04 |
||